书目信息 |
| 题名: |
城市突发公共卫生事件下交通管理
|
|
| 作者: | 李健 著 | |
| 分册: | ||
| 出版信息: | 上海 同济大学出版社 2025.03 |
|
| 页数: | 168页 | |
| 开本: | 27cm | |
| 丛书名: | 城市公共卫生安全风险防控丛书 | |
| 单 册: | ||
| 中图分类: | U491.2 | |
| 科图分类: | ||
| 主题词: | 城市交通系统--cheng shi jiao tong xi tong--应急系统--交通运输管理--研究 | |
| 电子资源: | ||
| ISBN: | 978-7-5765-1069-0 | |
| 000 | 02018nam 2200289 450 | |
| 001 | 92751 | |
| 005 | 20250818134718.78 | |
| 010 | @a978-7-5765-1069-0@b精装@dCNY88.00 | |
| 100 | @a20250604d2025 em y0chiy50 ea | |
| 101 | 0 | @achi |
| 102 | @aCN@b310000 | |
| 105 | @aak z 000yy | |
| 106 | @ar | |
| 200 | 1 | @a城市突发公共卫生事件下交通管理@Acheng shi tu fa gong gong wei sheng shi jian xia jiao tong guan li@d= Traffic management under urban public health emergencies@f李健著@zeng |
| 210 | @a上海@c同济大学出版社@d2025.03 | |
| 215 | @a168页@c图 (部分彩图)@d27cm | |
| 225 | 2 | @a城市公共卫生安全风险防控丛书@Acheng shi gong gong wei sheng an quan feng xian fang kong cong shu |
| 300 | @a国家出版基金项目 “十四五”时期国家重点出版物出版专项规划项目 上海市促进文化创意产业发展财政扶持资金资助项目等 | |
| 314 | @a李健, 同济大学交通学院副教授, 中国城市规划学会城市交通规划专业委员会副秘书长,《城市交通》编委、《中国安全科学学报》青年编委。曾任香港理工大学土木及环境工程学系研究员 (Research Associate)。主要研究方向: 综合交通系统韧性与应急管理, 决策理论与方法, 数据挖掘与人工智能。主持国家重点研发计划课题、国家自然科学基金、上海市浦江人才计划等科研课题, 研究成果获中国城市规划学会科技进步一等奖等奖项。 | |
| 330 | @a本书针对重大传染病疫情期间人员流动复杂多变、疫情传播风险难以精准预测、管控措施无法事前评估等防控工作中的突出问题, 运用大数据分析、知识图谱等方法技术, 提出面向传染病疫情防控的交通管理方法。本书遵循‘“运行特征分析一行为机理解析-管控政策优化”的思路展开: 基于出行大数据实现人员流动与交通运行特征的主动识别, 并基于出行行为特征对疫情传播风险进行评估 ; 建立考虑疫情风险感知的出行行为模型解析行为变化机理, 并将行为模型纳入现有交通模型对疫情态势进行研判。 | |
| 410 | 0 | @12001 @a城市公共卫生安全风险防控丛书 |
| 510 | 1 | @aTraffic management under urban public health emergencies@zeng |
| 606 | 0 | @a城市交通系统@Acheng shi jiao tong xi tong@x应急系统@x交通运输管理@x研究 |
| 690 | @aU491.2@v5 | |
| 701 | 0 | @a李健@Ali jian@4著 |
| 801 | 0 | @aCN@c20250909 |
| 905 | @a河南城建学院图书馆@dU491.2@eL185@f1 | |
| 城市突发公共卫生事件下交通管理= Traffic management under urban public health emergencies/李健著.-上海:同济大学出版社,2025.03 |
| 168页:图 (部分彩图);27cm.-(城市公共卫生安全风险防控丛书) |
| 国家出版基金项目 “十四五”时期国家重点出版物出版专项规划项目 上海市促进文化创意产业发展财政扶持资金资助项目等 |
| ISBN 978-7-5765-1069-0(精装):CNY88.00 |
| 本书针对重大传染病疫情期间人员流动复杂多变、疫情传播风险难以精准预测、管控措施无法事前评估等防控工作中的突出问题, 运用大数据分析、知识图谱等方法技术, 提出面向传染病疫情防控的交通管理方法。本书遵循‘“运行特征分析一行为机理解析-管控政策优化”的思路展开: 基于出行大数据实现人员流动与交通运行特征的主动识别, 并基于出行行为特征对疫情传播风险进行评估 ; 建立考虑疫情风险感知的出行行为模型解析行为变化机理, 并将行为模型纳入现有交通模型对疫情态势进行研判。 |
| ● |
| 相关链接 |
|
|
|
正题名:城市突发公共卫生事件下交通管理
索取号:U491.2/L185
 
预约/预借
| 序号 | 登录号 | 条形码 | 馆藏地/架位号 | 状态 | 备注 |
| 1 | 1626715 | 216267153 | 自科库501/501自科库 58排3列3层/ [索取号:U491.2/L185] | 在馆 |